| 000 | 00825nam a22002771 4500 | ||
|---|---|---|---|
| 001 | 013407 | ||
| 003 | DO-SdBNP | ||
| 005 | 20180202151235.0 | ||
| 007 | 013407 | ||
| 008 | 960722s1968 sp spa | ||
| 016 | 7 |
_a _z _2BPMSU |
|
| 017 |
_a _b |
||
| 035 | _a | ||
| 040 |
_aBPMSU _bspa _cBPMSU |
||
| 080 | 0 | _a | |
| 100 | _aFradejas Lebrero, José | ||
| 245 | 1 | 0 |
_aQuince cuentos ejemplares / _h _cJosé Fradejas Lebrero ; dibujos Celedonio Perellón |
| 260 |
_aMadrid : _bConfederación Española de Cajas de Ahorros _c[1968 |
||
| 300 |
_a110 p. : _b il. ; _c28 cm |
||
| 650 | 7 |
_a _v _2 |
|
| 700 | 1 | 0 |
_aPerellón, Celedonio _edibujos |
| 710 | 2 | 1 | _aConfederación Española de Cajas de Ahorros |
| 942 |
_2ddc _cBK |
||
| 945 | _aInventariado, 2018 / BT | ||
| 956 |
_aVMATEO _210 _320160418 _6BPMSU _80069 |
||
| 999 |
_c9832 _d9832 |
||